How wireless works (Record no. 64275)

000 -LEADER
fixed length control field 00432nam a22001697a 4500
003 - CONTROL NUMBER IDENTIFIER
control field NUST - PNEC
005 - DATE AND TIME OF LATEST TRANSACTION
control field 20170116180837.0
008 - FIXED-LENGTH DATA ELEMENTS--GENERAL INFORMATION
fixed length control field 150811b xxu||||| |||| 00| 0 eng d
020 ## - INTERNATIONAL STANDARD BOOK NUMBER
International Standard Book Number 0789724871
040 ## - CATALOGING SOURCE
Transcribing agency LIBRARY
082 ## - DEWEY DECIMAL CLASSIFICATION NUMBER
Classification number 621.384 GRA
100 ## - MAIN ENTRY--PERSONAL NAME
9 (RLIN) 5097
Personal name Gralla, Preston
245 ## - TITLE STATEMENT
Title How wireless works
Statement of responsibility, etc. Preston, Gralla
260 ## - PUBLICATION, DISTRIBUTION, ETC.
Date of publication, distribution, etc. c 2002
650 ## - SUBJECT ADDED ENTRY--TOPICAL TERM
9 (RLIN) 5098
Topical term or geographic name entry element Wireless communication systems
General subdivision -
942 ## - ADDED ENTRY ELEMENTS (KOHA)
Source of classification or shelving scheme
Koha item type Book
Holdings
Withdrawn status Lost status Source of classification or shelving scheme Damaged status Not for loan Permanent Location Current Location Shelving location Date acquired Total Checkouts Full call number Barcode Date last seen Price effective from Koha item type
          Pakistan Navy Engineering College (PNEC) Pakistan Navy Engineering College (PNEC)       621.384 GRA PNECLIB-027947 08/11/2015   Book
© 2023 Central Library, National University of Sciences and Technology. All Rights Reserved.